000 00734nam a22002177a 4500
999 _c164691
_d164691
005 20190524135302.0
008 190524b ||||| |||| 00| 0 eng d
010 _aB-161050
020 _a8126905239
_c550.00
035 _aB-161050
037 _bBPPD/Purchase
040 _adpl
_ben
050 _a327.54
082 _a327.54
100 _aShukla, Vatsala
245 _aIndia's foreign policy in the new millennium:
_brole of power/
_cby Vatsala Shukla
260 _aNew Delhi
_bAtlantic Publishers
_c2005
270 _aB-2, Vishal Enclave, Opp. Rajouri Garden
_bNew Delhi
_e110027
_k011-23273880, 23275880, 23280451
_minfo@atlanticbooks.com
300 _axxi,298p.
_c22cm(hb)
942 _2ddc
_cEN
_h327.54
_mSHU